| 000 | 003500000a22001330004500 | ||
|---|---|---|---|
| 003 | MACL | ||
| 040 | _aMACL | ||
| 090 |
_c37716 _d37714 |
||
| 100 | _aBoulger, Demetrius C | ||
| 245 |
_aThe History of Belgium _b1815-1865 Waterloo to the Death of Leopold 1 |
||
| 260 |
_bSir Isaac Pitman & Sons Ltd _c1913 |
||
| 650 | _aHistory | ||
| 942 |
_cBOOK _k949.3/BOU |
||
| 999 |
_c37313 _d37313 |
||